Provinces and Capitals of the Netherlands - Statistics

General Stats
  • This quiz has been taken 232 times
    226 since last reset
  • The average score is 21 of 24
Answer Stats
Number Answer % Correct
5. Groningen
98%
5. Groningen
98%
11. Zeeland
96%
6. Limburg
95%
1. Drenthe
90%
4. Gelderland
90%
10. Utrecht
90%
10. Utrecht
90%
12. Zuid-Holland
90%
3. Friesland
89%
9. Noord-Holland
89%
8. Noord-Brabant
88%
7. Overijssel
88%
6. Maastricht
86%
2. Flevoland
85%
9. Haarlem
85%
3. Leeuwarden
81%
12. Den Haag
79%
7. Zwolle
79%
11. Middelburg
78%
2. Lelystad
76%
1. Assen
75%
8. 's Hertogenbosch
75%
4. Arnhem
70%
No matching quizzes found
Score Distribution
Percent of People with Each Score
Percentile by Number Answered
Your Score History
You have not taken this quiz since the last reset